000 01280cam a22003134a 4500
999 _c41514
_d41514
001 11884185
003 OSt
005 20220919113207.0
008 000107s2000 nyua be 001 0 eng
010 _a 00021383
020 _a0471176125 (set : alk. paper)
020 _a0471191027 (v. 1 : alk. paper)
020 _a0471188697 (v. 2 : alk. paper)
040 _aDLC
_cDLC
_dDLC
042 _apcc
050 0 0 _aTP248.16
_b.M87 2000
082 0 0 _a174.96606
_221
_bMUR/L
100 1 _aMurray, Thomas H.,
_d1946-
_99092
245 1 0 _aEncyclopedia of ethical, legal, and policy issues in biotechnology /
_cThomas H. Murray, Maxwell J. Mehlman.
_bVolume 1
260 _aNew York :
_bJohn Wiley & Sons,
_c2000.
300 _a2 v. (xiii, 1132 p.) :
_bill. ;
_c29 cm.
504 _aIncludes bibliographical references and index.
650 0 _aBiotechnology
_xMoral and ethical aspects
_vEncyclopedias.
650 0 _aBiotechnology industries
_xLaw and legislation
_vEncyclopedias.
650 0 _aBiotechnology
_xGovernment policy
_zUnited States
_vEncyclopedias.
700 1 _aMehlman, Maxwell J.
_99093
856 4 2 _3Publisher description
_uhttp://www.loc.gov/catdir/description/wiley031/00021383.html
942 _2ddc
_cBK
_h174.96606
_iMUR/E
_k174.96606
_mMUR/E